000 01071nam a2200229Ia 4500
001 L227-5546
003 IT-CnALBA
008 170116s9999||||xx |||||||||||||| ||und||
040 _aIT-CnALBA
_cIT-CnALBA
041 _aITALIANO
100 _aRESI GUSTAVO
245 0 _aIL MESSAGGIO UMANO E CRISTIANO DI PAOLO AI GIOVANI.
250 _a1a ed.
260 _aTORINO
_bELLE DI CI - LEUMANN
_c1963 [1° Ed.:1963 - Ed.Ling.Originale: 1963]
300 _a172 p. (prefazione: 712)
500 _aEDUCAZIONE DEI GIOVANI ALLA SAGGEZZA. IDENTITÀ DI PAOLO. SCUSE E ACCUSE. CUORE DI PAOLO E CUORE DI CRISTO. NUOVA CREATURA IN CRISTO. REALTÀ NUOVE. IL POLITEUMA CELESTE.
501 _aSocietà San Paolo EM - Piazza San Paolo, 14 - 12051 ALBA (CN) (non commercial uses only) ® Copyright 2017
520 _aEDUCAZIONE DEI GIOVANI ALLA SAGGEZZA. IDENTITÀ DI PAOLO. SCUSE E ACCUSE. CUORE DI PAOLO E CUORE DI CRISTO. NUOVA CREATURA IN CRISTO. REALTÀ NUOVE. IL POLITEUMA CELESTE.
650 _aLETTERE DI S. PAOLO - LETTERE CATTOLIC
942 _cBK
957 _71
999 _a6525
_bNO
_g Copie: 1
_c264732
_d264732